<?xml version="1.0" encoding="UTF-8"?><?xml-stylesheet type="text/xsl" href="static/style.xsl"?><OAI-PMH xmlns="http://www.openarchives.org/OAI/2.0/" xmlns:xsi="http://www.w3.org/2001/XMLSchema-instance" xsi:schemaLocation="http://www.openarchives.org/OAI/2.0/ http://www.openarchives.org/OAI/2.0/OAI-PMH.xsd"><responseDate>2026-04-17T06:52:52Z</responseDate><request verb="GetRecord" identifier="oai:www.recercat.cat:2445/212231" metadataPrefix="marc">https://recercat.cat/oai/request</request><GetRecord><record><header><identifier>oai:recercat.cat:2445/212231</identifier><datestamp>2025-12-05T12:20:29Z</datestamp><setSpec>com_2072_1057</setSpec><setSpec>col_2072_478916</setSpec><setSpec>col_2072_478917</setSpec></header><metadata><record xmlns="http://www.loc.gov/MARC21/slim" xmlns:dcterms="http://purl.org/dc/terms/" xmlns:xsi="http://www.w3.org/2001/XMLSchema-instance" xmlns:doc="http://www.lyncode.com/xoai" xsi:schemaLocation="http://www.loc.gov/MARC21/slim http://www.loc.gov/standards/marcxml/schema/MARC21slim.xsd">
   <leader>00925njm 22002777a 4500</leader>
   <datafield ind2=" " ind1=" " tag="042">
      <subfield code="a">dc</subfield>
   </datafield>
   <datafield ind2=" " ind1=" " tag="720">
      <subfield code="a">Checa, Javier</subfield>
      <subfield code="e">author</subfield>
   </datafield>
   <datafield ind2=" " ind1=" " tag="720">
      <subfield code="a">Fiol, Pau</subfield>
      <subfield code="e">author</subfield>
   </datafield>
   <datafield ind2=" " ind1=" " tag="720">
      <subfield code="a">Guevara, Marta</subfield>
      <subfield code="e">author</subfield>
   </datafield>
   <datafield ind2=" " ind1=" " tag="720">
      <subfield code="a">Aran, Josep M.</subfield>
      <subfield code="e">author</subfield>
   </datafield>
   <datafield ind2=" " ind1=" " tag="260">
      <subfield code="c">2024-05-30T18:00:57Z</subfield>
   </datafield>
   <datafield ind2=" " ind1=" " tag="260">
      <subfield code="c">2024-05-30T18:00:57Z</subfield>
   </datafield>
   <datafield ind2=" " ind1=" " tag="260">
      <subfield code="c">2024-03-18</subfield>
   </datafield>
   <datafield ind2=" " ind1=" " tag="260">
      <subfield code="c">2024-05-13T12:46:25Z</subfield>
   </datafield>
   <datafield ind2=" " ind1=" " tag="520">
      <subfield code="a">Progressive respiratory airway destruction due to unresolved inflammation induced by periodic infectious exacerbation episodes is a hallmark of cystic fibrosis (CF) lung pathology. To clear bacteria, neutrophils release high amounts of reactive oxygen species (ROS), which inflict collateral damage to the neighboring epithelial cells causing oxidative stress. A former genome-wide small interfering RNA (siRNA) screening in CF submucosal gland cells, instrumental for mucociliary clearance, proposed tumor necrosis factor receptor superfamily member 1B (TNFRSF1B; TNFR2) as a potential hit involved in oxidative stress susceptibility. Here, we demonstrate the relevance of TNFRSF1B transcript knock-down for epithelial cell protection under strong oxidative stress conditions. Moreover, a blockade of TNFR signaling through its ligand lymphotoxin-alpha (LTA), overexpressed in airway epithelial cells under oxidative stress conditions, using the anti-tumor necrosis factor (TNF) biologic etanercept significantly increased the viability of these cells from a toxic oxidizing agent. Furthermore, bioinformatic analyses considering our previous RNA interference (RNAi) screening output highlight the relevance of TNFRSF1B and of other genes within the TNF pathway leading to epithelial cell death. Thus, the inhibition of the LT alpha 3-TNFR2 axis could represent a useful therapeutic strategy to protect the respiratory airway epithelial lining from the oxidative stress challenge because of recurrent infection/inflammation cycles faced by CF patients.</subfield>
   </datafield>
   <datafield tag="653" ind2=" " ind1=" ">
      <subfield code="a">Fibrosi pulmonar</subfield>
   </datafield>
   <datafield tag="653" ind2=" " ind1=" ">
      <subfield code="a">Estrès oxidatiu</subfield>
   </datafield>
   <datafield tag="653" ind2=" " ind1=" ">
      <subfield code="a">Pulmonary fibrosis</subfield>
   </datafield>
   <datafield tag="653" ind2=" " ind1=" ">
      <subfield code="a">Oxidative stress</subfield>
   </datafield>
   <datafield ind2="0" ind1="0" tag="245">
      <subfield code="a">TNFRSF1B Signaling Blockade Protects Airway Epithelial Cells from Oxidative Stress</subfield>
   </datafield>
</record></metadata></record></GetRecord></OAI-PMH>